Measuring Monetary Policy by Money Supply and Interest Rate: Evidence From Emerging Economies
Úloha úrokovej miery a peňažnej zásoby pri meraní menovej politiky v dvanástich rozvíjajúcich sa ekonomikách. Peňažná zásoba a úroková miera ako užitoční prediktori zmien inflácie. Nárast úrokovej sadzby infláciu skôr zvyšuje ako znižuje, zatiaľ čo peňažná zásoba má na infláciu pozitívny a očakávaný...
Salvato in:
| Autore principale: | |
|---|---|
| Altri autori: | |
| Natura: | Capitolo di libro |
| Lingua: | inglese |
| Soggetti: | |
| Tags: |
Nessun Tag, puoi essere il primo ad aggiungerne!!
|
MARC
| LEADER | 00000naa a2200000 4500 | ||
|---|---|---|---|
| 001 | 0283662 | ||
| 005 | 20220511083400.7 | ||
| 041 | 0 | |a eng | |
| 044 | |a CZ | ||
| 245 | 1 | 0 | |a Measuring Monetary Policy by Money Supply and Interest Rate: Evidence From Emerging Economies |c Trung Thanh Bui, Dávid Gábor Kiss |
| 520 | |a Úloha úrokovej miery a peňažnej zásoby pri meraní menovej politiky v dvanástich rozvíjajúcich sa ekonomikách. Peňažná zásoba a úroková miera ako užitoční prediktori zmien inflácie. Nárast úrokovej sadzby infláciu skôr zvyšuje ako znižuje, zatiaľ čo peňažná zásoba má na infláciu pozitívny a očakávaný vplyv. Tieto zistenia naznačujú, že úroková miera nemusí úplne vystihovať celkové nastavenie menovej politiky alebo úroková sadzba má na infláciu len obmedzený vplyv. | ||
| 610 | 2 | 0 | |a politika menová |
| 610 | 2 | 0 | |a zásoba peňažná |
| 610 | 2 | 0 | |a miera úroková |
| 610 | 2 | 0 | |a inflácia |
| 610 | 2 | 0 | |a stabilita cien |
| 100 | 1 | |a Bui, Trung Thanh | |
| 700 | 1 | |a Kiss, Dávid Gábor | |